000
00284nam a2200109Ia 4500
008
220204s9999 xx 000 0 und d
082
_a
615.3
_b
GRI
100
_a
Griffith, H Winter
245
0
_a
Drug information for patients
260
_a
Philadelphia
_b
W B Saunders
_c
1978
942
_c
BK
999
_c
34954
_d
34954